On This Day: May 3rd II Quiz Stats

 Plays Quiz Updated May 3, 2018

Score 0/7 Timer 03:00
0 Plays Today
Question Answer Wrong Answers
This novel by Margaret Mitchell, which depicts the struggles of young Scarlett O'Hara during the Civil War and Reconstruction Era, wins the Pulitzer Prize for Fiction.
1937
Gone with the Wind
93.3%
To Kill a Mockingbird
1.6%
Little Women
2.2%
Cold Mountain
0.9%
Walter O’Malley, owner of the ______ Dodgers, agrees to move the team to Los Angeles.
1957
Brooklyn
92.7%
Queens
0.8%
Manhattan
2.6%
Staten Island
1.6%
The full-length film ‘Raja Harishchandra’ is released, marking the start of the ______ film industry.
1913
Indian
91.2%
Chinese
1.4%
Saudi Arabian
2.7%
Iranian
3.1%
This American singer-songwriter, often referred to as the ‘Godfather of Soul’, is born.
1933
James Brown
83.7%
Little Richard
1.1%
Ray Charles
7.6%
Marvin Gaye
5.9%
The May Uprising in Dresden begins, one of the last events of the ______ revolutions of 1848-49.
1849
German
80.5%
Italian
1.7%
Spanish
5.9%
French
10.6%
This North American capital city is incorporated and today is home to numerous international institutions such as the World Bank and International Monetary Fund.
1802
Washington, D.C.
74.6%
Ottawa
21.6%
Mexico City
3.1%
Havana
0.6%
This country loses its seat on the UN Human Rights Commission for the first time since the commission was formed in 1947.
2001
United States
46.6%
France
15.3%
Germany
28.8%
United Kingdom
6.9%

You're not logged in!

Compare scores with friends on all Sporcle quizzes.
OR
Log In

Sporcle TV

Today on Sporcle TV


Watch our educational content, quiz creation guides, and fun videos on Sporcle TV.

Show Comments

Extras

Top Quizzes Today


Score Distribution

Your Account Isn't Verified!

In order to create a playlist on Sporcle, you need to verify the email address you used during registration. Go to your Sporcle Settings to finish the process.

Report this User

Report this user for behavior that violates our Community Guidelines.

Details: